| 000 | 01212naa a22003257a 4500 | ||
|---|---|---|---|
| 001 | BR7806587 | ||
| 003 | BR-BrBNA | ||
| 005 | 20240918174235.0 | ||
| 007 | ta | ||
| 008 | 230509b bl.||||| |||| 00| 0 por d | ||
| 040 |
_aBR-BrBNA _bpor _cBiblioteca Nacional de Agricultura |
||
| 041 | _a(Pt) | ||
| 072 |
_aH10; F00 _b2120 _b4020 |
||
| 090 | _aH10 BR7806587 | ||
| 100 | 1 | _aPaulini, A.E. | |
| 100 | 1 | _aFerreira, A.J. | |
| 100 | 1 | _aD'Antonio, A.M. | |
| 100 | 1 | _aMatiello, J.B. | |
| 111 | 1 |
_a6. Congresso Brasileiro de Pesquisas Cafeeiras _cRibeirao Preto, SP (Brazil) _d24 Oct 1978 |
|
| 245 | 1 | _aEfeito da desfolha causada por bicho mineiro (Perileucoptera coffeella)(Guerin-Men., 1842)na produtividade do cafeeiro | |
| 260 | 3 |
_aRio de Janeiro, RJ (Brasil): _c1978. |
|
| 500 | _aResumos do 6. Congresso Brasileiro de Pesquisas Cafeeiras Rio de Janeiro, RJ (Brasil): 1978. p. 199-201 (BR7806587-AM)H10 | ||
| 650 | _aCAFE | ||
| 650 | _aBICHO MINEIRO | ||
| 650 | _aINSETO | ||
| 650 | _aRENDIMENTO | ||
| 773 | 0 |
_tResumos do 6. Congresso Brasileiro de Pesquisas Cafeeiras _wH10 BR7806587 _gRio de Janeiro, RJ (Brasil), 1978. p. 199-201 |
|
| 909 |
_a202404 _bLucia _c55 _dLucia Elande |
||
| 942 |
_cAM _2AGRIS |
||
| 999 |
_c309819 _d309819 |
||